Quizzes
Events
Quiz Creation
Community
Videos
Private Events
Remove Ads
Sign In
Join for FREE
Feedback
Dark Mode
Quiz Categories
Sports
Geography
Music
Movies
Television
Just For Fun
Miscellaneous
History
Literature
Language
Science
Gaming
Entertainment
Religion
Holiday
For Kids
Quiz Lab
Recent
Popular Today
Quiz Kudos Today
Editor Picks
Curator Picks
Quizzes by...
Day
Popularity
Type
Ratings
Length
Year
Community
Subscriptions
Recent Discussions
Orange Saloon
Badges
Playlists
Quests
Create
Leaderboards
Showdown
Live 5
Trivia Bingo
Activity
Puzzle Library
Sporcle Events
Private Events
Virtual Trivia
Globe League
Become a Host
Pub Owners
SporcleCon
Opinionation
Our Games
Videos
Blog
Mobile Apps
Partnerships
Remove Ads and Go Orange
Feedback
Sports
Athletes
MLB
NBA
NHL
NFL
Soccer
Sports Teams
WWE
NCAA
Football
Premier League
Basketball
Baseball
Hockey
Golf
Tennis
Cricket
Rugby
Auto Racing
Olympics
World Cup
Sports
Athletes
MLB
NBA
NHL
NFL
Soccer
Sports Teams
WWE
NCAA
Football
Premier League
Basketball
Baseball
Hockey
Golf
Tennis
Cricket
Rugby
Auto Racing
Olympics
World Cup
Random Quiz
Search Sporcle
×
Quiz Lab
Quiz Lab
Sports
Trivia
Type in answers that appear in a list
Type in answers that appear in a list
Classic
Best Score? Go Orange.
Pundit Arena Daily GAA Trivia Challenge – Day 16 Stats
Pundit Arena Daily GAA Trivia Challenge – Day 16
By
Pundit_Arena
5m
20 Questions
1,621 Plays
1,621 Plays
1,621 Plays
Comments
Comments
Give Quiz Kudos
Give Quiz Kudos
-
- Ratings
hide this ad
Replay
Link that replays current quiz
Next Quiz
Link to next quiz in quiz playlist
You Got
0%
They Got
Avg Score
55%
Avg Friend Score
Upgrade to see
Score Distribution
Jump to the score distribution portion of the page
Score
0/20
Timer
05:00
0
Plays Today
Hint
Answer
% Correct
Number of All-
Ireland football titles won by Eoghan O'Gara (spell out number)
Seven
87.7%
Commonly referred to as 'The Gooch'
Colm Cooper
81.1%
Number of All-
Stars won by Henry Shefflin (spell out number)
Eleven
80.5%
The Mourne County
Down
78.7%
Munster football champions in 1992
Clare
76.9%
Nation that Ireland play in hybrid-
hurling game entitled Shinty
Scotland
76.1%
Year Derry last won an Ulster title
1998
71.1%
Year of Peter Canavan's first All-
Star award
1994
67.6%
Home club of Lar Corbett
Thurles Sarsfields
61.3%
Made his Kilkenny debut in the 2012 All-
Ireland hurling final replay
Walter Walsh
55.3%
Hint
Answer
% Correct
Home club of Jamie Clarke
Crossmaglen Rangers
53.1%
Year Sean Boylan won his first All-
Ireland senior title as Meath manager
1987
52.6%
Home club of Clare's Tony Kelly
Ballyea
43.9%
Home club of Kevin Cassidy
Gaoth Dobhair
41.9%
Name of Westmeath's home ground
Cusack Park
41.3%
Scored the winning point in the 2002 All-
Ireland football final
Steven McDonnell
35.8%
Current Offaly football manager
John Maughan
33.6%
2014 Footballer of the Year
James O'Donoghue
33.6%
1995 Hurler of the Year
Brian Lohan
32.8%
Name of the All-
Ireland senior club football championship trophy
Andy Merrigan Cup
12.3%
Quiz Playlist
Details
Report
Send in Message
Add To Playlist
Classic:
Type in answers that appear in a list
Last Updated: May 24, 2020
Quiz Scoreboard
CHALLENGE
Sign Up to Join the Scoreboard
Show All
Scores
Hide
Comments
May contain spoilers
Recently Published
An Introduction to Baseball
by treessimontrees
Sports
5m
Movies - When Are They Set?
by FPL_Elf
Movies
5m
Popular People in 1961
by mucciniale
History
6m
More to Explore
Quiz From the Vault
Featured Blog Post
Where Did the Easter Bunny Come From?
hide this ad
You Might Also Like...
Tags
arena
challenge
Daily
gaa
pundit
Trivia
Today's Top Quizzes in Sports
Browse Sports
hide this ad
Today's Top Quizzes in Trivia
Browse Trivia
Top Contributed Quizzes in Sports
1
Les meilleurs buteurs des matchs entre le PSG et l’OM
2
2022 World Cup Stars
3
FIFA Club World Cup Champions
4
Les entraîneurs de l'OM et du PSG au 21e siècle
5
Name the Premier League winners with different clubs
6
La finale Lions - Afrique du Sud 2021
7
England Test cricketers to play under Nasser Hussain
8
5-to-1: UK Sports Teams
9
Les joueurs passés par le LOSC et le RC Lens
10
Criteria MLB: Left Handed Sluggers
Explore More
Trending Topics
Harry Potter
Marvel
Anime
Disney
Kpop
Crossword
NBA
Song
The Office
Pokémon
Country
Puzzle
NFL
WWE
Soccer
hide this ad
More By:
Pundit_Arena
Quiz
Plays
Rating
Category
Featured
Created
MOTD goal quiz
57,554
4.71
Sports
Jul 29, 2020
Name every player to score a PL penalty for Man United
52,259
5.00
Sports
Jan 6, 2021
Name Every Fifa World Cup Winner since 1930
41,026
3.92
Sports
Feb 10, 2021
Guess The Nationalities of the Following Footballers
39,325
4.80
Sports
Jan 29, 2021
Name every Portuguese player to play for Man United
39,322
5.00
Sports
Dec 29, 2020
Go to Creator's Profile
Score Distribution
Quiz Creator Spotlight
Pundit_Arena
Follow
Send a Message
Quizzes Created
-
Created Quiz Play Count
-
More By This Creator
Popular Quizzes Today
1
Find the Countries of Europe - No Outlines Minefield
2
Find the US States - No Outlines Minefield
3
The Countries of the World
4
Popular People in 1961
5
Find the US States
6
US States
7
1-10 Letter E Words III
8
Risky Map Clicking: Biggest States A-Z
More Sports Quizzes
Profile: Nico Rosberg
Quiz Lab
Trending Quizzes
Risky Map Clicking: Least Populous States A-Z
1-10 Letter F Words
1-10 Letter G Words
One Thing in Common: United Kingdom
Risky Map Clicking: Next State Alphabetically
Recently Updated
Leaping Animals
pecheneg
Reality TV Shows (A-Z)
bhenderson79
Rickey Henderson's Hall of Fame Teammates
pecheneg
Champions League XIs: Arsenal
pecheneg
Quick Pick: Celebrities in WWE's Hall of Fame
aduchscher
A-Z Keypad Blitz II
pecheneg
Multiple Oscar Actors
pecheneg
Mystery Phrase Blitz: Oscar 'Best Actors'
pecheneg
F. Scott Fitzgerald Novels
LTH
Pick 3 Villains
ddd62291
Trending Topics
Harry Potter
NBA
Crossword
Kpop
Disney
Marvel
Anime
Soccer
WWE
Song
The Office
Country
Puzzle
NFL
Pokémon
Your Account Isn't Verified!
In order to create a playlist on Sporcle, you need to verify the email address you used during registration. Go to your
Sporcle Settings
to finish the process.
Report this User
Report this user for behavior that violates our
Community Guidelines
.
Details:
Send Report
Go to the Sporcle.com Mobile Site →
Comments